00545nam a2200205Ia 4500003000900000008004100009040001300050040001300063041000800076100002000084100000900104245013900113250001100252260000800263260000900271300001100280300001200291490000600303600003000309IT-RoPAU120407s9999 xx 000 0 und d aIT-RoPAU cIT-RoPAU aita aAtanasio Miller cosb. aI Salmi. Introduzione alla loro storia, spirito ed uso liturgico. Unica versione dal tedesco di una clarissa del Monastero di Fiesole. aTorino aSei c1939 a237 p. c20,5 cm v1 a1. Bibbia - V.T. - Salmi.